郡山市?大和郡山市? - Statistics

General Stats
  • This quiz has been taken 71 times
  • The average score is 9 of 15
Answer Stats
Hint Explanation Answer % Correct
市の中心部を阿武隈川が流れる 郡山市
88%
県内で一番高いビルがある 郡山ビッグアイ(133m) 郡山市
87%
面積は約42㎢ 大和郡山市:42.69㎢
郡山市:757.20㎢
大和郡山市
72%
市内に国道308号が通っている 大和郡山市
70%
金魚の養殖が盛ん 愛知県弥富市、東京都江戸川区と並ぶ金魚の三大産地 大和郡山市
68%
1924年に発足 郡山市:1924年に郡山町と小原田村が合併し発足。
大和郡山市:1954年に市制施行。
郡山市
67%
市役所の北緯は37度24分01秒 郡山市:北緯37度24分01秒
大和郡山市:北緯34度38分58秒
郡山市
63%
2017年に駅が新設 2017年に郡山駅~喜久田駅(磐越西線)間に郡山富田駅が開業。 郡山市
60%
国の史跡である「郡山城跡」がある 2022年11月に指定。
また、2026年放送の大河ドラマ「豊臣兄弟!」の主人公である豊臣秀長にゆかりがある。
大和郡山市
57%
漫画「すくってごらん」の舞台となっている 金魚すくいを題材とした漫画 大和郡山市
57%
市議会の定数は38名 郡山市:38名
大和郡山市:20名
郡山市
55%
市の花にヤマザクラがある 郡山市は市の木がヤマザクラ 大和郡山市
53%
私立小学校がある 郡山ザベリオ学園小学校が存在 郡山市
53%
姉妹都市に甲府市がある 郡山市:奈良市、鳥取市、久留米市(国内のみ) 大和郡山市
52%
市内に国立の高校がある 国立奈良工業高等専門学校 大和郡山市
40%
No matching quizzes found
Score Distribution
Percent of People with Each Score
Percentile by Number Answered
Your Score History
You have not taken this quiz